000 00960nam a2200241Ia 4500
001 17067
003 GE_BSU
008 181216s||||||||xx |||||||||||||| ||und||
040 _cGE_BSU
080 _a821.161.1-31 + 821.161.1.03=353.1
100 _aშოლოხოვი, მიხეილ (1905-1984)
245 _aისინი სამშობლოსათვის იბრძოდნენ=Они сражались за Родину
245 _bრომანი
245 _cთარგმნა გიორგი ბაქანიძემ. რედ.გ.ჭეიშვილი
260 _aბათუმი
260 _bსაბჭ. აჭარა
260 _c1982
300 _a216გვ. ; 20სმ.
520 _aპარალ. თავფურ. რუს.
653 _aისინი სამშობლოსათვის იბრძოდნენ
653 _aრომანი
942 _cBK
999 _c50129
_d50129